000 00287nam a22001337a 4500
008 170426b xxu||||| |||| 00| 0 eng d
020 _a9780321560049
041 _aeng
080 _a54
100 _a12
101 _aSHM
245 _aPRINCIPLES CHEMISTRY
_cTRO.N.J
942 _2udc
_cBK
999 _c12188
_d12188